|
|
|
|
| LEADER |
00000cam a22000004a 4500 |
| 001 |
musev2_87277 |
| 003 |
MdBmJHUP |
| 005 |
20230905052930.0 |
| 006 |
m o d |
| 007 |
cr||||||||nn|n |
| 008 |
160209s2016 nyu o 00 0 eng d |
| 010 |
|
|
|z 2016006579
|
| 040 |
|
|
|a MdBmJHUP
|c MdBmJHUP
|
| 043 |
|
|
|a n-us---
|a aw-----
|a a-is---
|
| 050 |
0 |
4 |
|a DS63.2.U5
|b Y373 2016
|
| 082 |
0 |
|
|a 327.7305609/047
|2 23
|
| 100 |
1 |
|
|a Yaqub, Salim,
|e author.
|
| 245 |
1 |
0 |
|a Imperfect Strangers /
|c Salim Yaqub.
|
| 264 |
|
1 |
|a Ithaca :
|b Cornell University Press,
|c 2016.
|
| 264 |
|
3 |
|a Baltimore, Md. :
|b Project MUSE,
|c 0000
|
| 264 |
|
4 |
|c ©2016.
|
| 300 |
|
|
|a 1 online resource:
|b illustrations ;
|
| 336 |
|
|
|a text
|b txt
|2 rdacontent
|
| 337 |
|
|
|a computer
|b c
|2 rdamedia
|
| 338 |
|
|
|a online resource
|b cr
|2 rdacarrier
|
| 490 |
0 |
|
|a The United States in the world
|
| 504 |
|
|
|a Includes bibliographical references (pages 353-444) and index.
|
| 505 |
0 |
|
|a The politics of stalemate : the Nixon administration and the Arab-Israeli Conflict, 1969-1972 -- A stirring at the margins : Arab-American political activism, 1967-1973 -- From Munich to Boulder : domestic anti-terrorism and Arab-American communities, 1972-1973 -- Rumors of war and war : February-October 1973 -- Scuttle diplomacy : Henry Kissinger and the Middle East peace process, 1973-1976 -- Future shock : the speculative mode in American discourse on the Arab world, 1974-1978 -- Fallen cedar : the Lebanese civil war and the United States, 1975-1979 -- Camp David retreat : Jimmy Carter and Arab-Israeli diplomacy, 1977-1979 -- Abdul Enterprises : Arab petrodollars in the United States, 1974-1981 -- The center cannot hold : Americans, Arabs, and the wider Middle East, 1979-1980.
|
| 588 |
|
|
|a Description based on print version record.
|
| 651 |
|
0 |
|a United States
|x Foreign relations
|y 1977-1981.
|
| 651 |
|
0 |
|a United States
|x Foreign relations
|y 1974-1977.
|
| 651 |
|
0 |
|a United States
|x Foreign relations
|y 1969-1974.
|
| 651 |
|
0 |
|a Middle East
|x Foreign relations
|z United States.
|
| 651 |
|
0 |
|a United States
|x Foreign relations
|z Middle East.
|
| 650 |
|
0 |
|a Arab-Israeli conflict
|y 1973-1993.
|
| 655 |
|
7 |
|a Electronic books.
|2 local
|
| 710 |
2 |
|
|a Project Muse.
|e distributor
|
| 830 |
|
0 |
|a Book collections on Project MUSE.
|
| 856 |
4 |
0 |
|z Texto completo
|u https://projectmuse.uam.elogim.com/book/87277/
|
| 945 |
|
|
|a Project MUSE - Custom Collection
|